00524nam a2200193 a 4500001001300000003000900013005001700022008004100039020001000080082001700090100002400107245004400131260005700175300000900232500003500241505001700276650001300293700002400306nice12345678IN_TiNIC20260116012231.0050524s1977 teha grp 000 0 eng  ac78000a297.822bNAS aNasr, Syyed Hossein aIsmaili Contribution to Islamic Culture aTehranbImperial Iranian Academy of Philosophyc1977 a265p aincludes index and biblioraphy2 aBibliography aIsmailis1 aNasr, Syyed Hossein